000 00375nam a22001457a 4500
005 20250319155742.0
008 250319b |||||||| |||| 00| 0 eng d
020 _a8127215112
050 _aHD30
_b.413 GUP
100 _aGupta, Shashi
245 _aManagement concepts and strategies
260 _aNew Delhi
_bKalyani Publishers
_cc2004
300 _a203p
942 _2lcc
_cBK
_n0
999 _c4964
_d4964